Games and puzzles for elementary and middle school mathematics : readings from the Arithmetic Teacher

Αποθηκεύτηκε σε:
Λεπτομέρειες βιβλιογραφικής εγγραφής
Άλλοι συγγραφείς: Smith, Seaton E. (Επιμελητής έκδοσης), Backman, Carl A. (Επιμελητής έκδοσης)
Μορφή: Βιβλίο
Γλώσσα:English
Δημοσίευση: Reston : National Council of Teachers of Mathematics, 1988
Θέματα:
Ετικέτες: Προσθήκη ετικέτας
Δεν υπάρχουν, Καταχωρήστε ετικέτα πρώτοι!

MARC

LEADER 00000nam a2200000 i 4500
001 1/76765
008 971203s1988 eng d
020 |a 0-87353-054-3 
035 |a 1991  |b 2  |c Μεϊμάρης  |l 10032494 
040 |a GR-MY-UA  |b gre  |e aacr 
041 0 |a eng 
082 0 |a 510.78 
245 1 0 |a Games and puzzles for elementary and middle school mathematics :  |b readings from the Arithmetic Teacher /  |c edited by Seaton E. Smith, Carl A. Backman 
260 |a Reston :   |b National Council of Teachers of Mathematics,   |c 1988 
300 |a 280 p. 
650 0 0 |a Mathematics  |x Study and teaching (Elementary) 
650 0 0 |a Mathematics  |x Study and teaching (Secondary) 
650 0 0 |a Mathematical recreations. 
650 0 0 |a Speeches, addresses, etc. 
700 1 |a Smith, Seaton E.  |4 edt 
700 1 |a Backman, Carl A.  |4 edt 
852 |a INST  |b RHODES  |e 19971203  |h 510.78 GAM  |p 005400009009  |q 005400009009  |t BK  |y 0 
901 |a BIBL-1997-2 
909 |a Ρ  |b 020782  |c 1991